[Event "HUN-chT U10"]
[Site "Budapest"]
[Date "2015.08.27"]
[Round "2.8"]
[White "Csallo, Krisztian"]
[Black "Bodicsi, Barna"]
[Result "1-0"]
[WhiteElo "1396"]
[BlackElo "1677"]
[PlyCount "39"]
[EventDate "2015.08.26"]
[EventType "team-swiss"]
[EventRounds "8"]
[EventCountry "HUN"]
[SourceTitle "EXT 2016"]
[Source "ChessBase"]
[SourceDate "2015.10.08"]
[SourceVersion "1"]
[SourceVersionDate "2015.10.08"]
[SourceQuality "1"]

1. e4 e5 2. Nf3 Nc6 3. d4 f6 4. Bc4 Nge7 5. Nc3 Ng6 6. 0-0 d6 7. dxe5 Ncxe5 8. Nxe5 Nxe5 9. Bb3 Bg4 10. f3 Bh5 11. Bf4 Bf7 12. Bxf7+ Kxf7 13. Qd5+ Ke8 14. Bxe5 c6 15. Qe6+ Be7 16. Bg3 Qb6+ 17. Kh1 Rd8 18. Qb3 Qc7 19. Bf2 a6 20. Bb6 1-0